| 000 | 01384nam0a2200337 4500 | ||
|---|---|---|---|
| 001 | RU\NLR\BIBL_A\010911682 | ||
| 005 | 20260406153804.0 | ||
| 010 |
_a978-5-17-091100-4 _94000 |
||
| 021 |
_aRU _b2015-86262 _95285 |
||
| 035 | _a(NILC)RuMoRGB-008064680 | ||
| 035 | _a(NLR Aleph) 010911682 | ||
| 090 |
_a10633511 _c10633511 |
||
| 100 | _a20151125d2015 |||y0rusy50 ca | ||
| 101 | 1 |
_arus _ceng |
|
| 102 | _aRU | ||
| 105 | _aa|||z|||000ay | ||
| 200 | 1 |
_aВластелин колец _e[трилогия _eперевод с английского] _fДжон Р. Р. Толкин _g[ил. Яны Ашмариной] |
|
| 210 |
_aМосква _cАСТ _d2015 |
||
| 215 |
_a745, [7] с. _cил., карты _d27 |
||
| 327 | 1 | _aСодерж: романы: Хранители ; Две твердыни ; Возвращение короля | |
| 333 | _a12+ | ||
| 675 | _a821.111 | ||
| 686 | 1 | _aШ6(4Вл)67-445{Лх1299-62} | |
| 700 | 1 |
_4070 _8rus _7ca _aТолкин _bД. Р. Р. _f1892-1973 _gДжон Роналд Руэл _3RU\NLR\auth\776532 _9116484 |
|
| 702 | 1 |
_4440 _8rus _7ca _aАшмарина _bЯ. С. _cхудожник _f1963-2015 _gЯна Станиславовна _3RU\NLR\AUTH\77106409 _989334 |
|
| 801 | 0 |
_aRU _bРГБ _c20151110 _gRCR |
|
| 801 | 1 |
_aRU _bРГБ _c20151110 _2rusmarc |
|
| 942 | _cBOOK | ||
| 980 | _aNB | ||